[Event "IIFL Wealth 4th Mumbai GM"]
[Site "Mumbai"]
[Date "2019.01.06"]
[Round "8"]
[White "Gajek, Radoslaw"]
[Black "Gukesh D"]
[Result "0-1"]
[WhiteElo "2475"]
[BlackElo "2466"]
[Annotator "TA"]
[PlyCount "78"]
[EventDate "2018.12.30"]
[EventType "swiss"]
[EventCountry "IND"]
[SourceTitle "playchess.com"]
[Source "ChessBase"]
[SourceQuality "1"]

{[%evp 21,78,67,87,0,0,0,0,0,52,73,179,40,30,46,41,42,50,33,70,0,0,0,0,0,80,36,59,57,62,0,0,0,0,0,0,0,0,0,0,0,54,34,89,0,0,0,8,-465,-467,-394,-79,-55,0,-8,-8,-29,-21,-29983,-29984]} 1. c4 g6 2. d4 Bg7 3. e4 d6 4. Nc3 Nf6 5. f3 O-O 6. Be3 e5 7. d5 Nh5 8. Qd2 f5 9. exf5 gxf5 10. O-O-O a6 11. Bd3 {E87: King's Indian: Sämisch: 6...e5 7 d5} (11. Nh3 Nf6 12. Ng5 Qe7 13. g3 b5 14. h4 Kh8 15. h5 Bh6 16. Nf7+ Qxf7 17. Bxh6 Rg8 18. Bd3 bxc4 19. Bxc4 {1-0 (33) Biolek,R (2446)-Fedorov,A (2555) Czechia 2015}) 11... Nd7 {LiveBook: 4 Games} 12. g4 (12. Nge2 $16) 12... fxg4 $11 13. fxg4 {The position is equal.} Nf4 14. Bb1 $146 ({Predecessor:} 14. Bc2 Nf6 15. h3 Bd7 16. Nge2 Nxe2+ 17. Qxe2 Be8 18. h4 {1-0 (42) Roessler,F-Schiegner,R DDR 1988}) 14... Qh4 (14... Nb6 $11 15. b3 Bxg4) 15. h3 $14 Nb6 (15... Nc5 $16) 16. Bxb6 (16. Nf3 $18 Qg3 17. Bxb6 cxb6 18. Ng5) 16... cxb6 17. Nf3 Qh6 18. Be4 b5 19. cxb5 axb5 {[#] aiming for ...b4.} 20. a3 (20. Kb1 $1 $14) 20... Bd7 21. Kb1 b4 22. axb4 Ra7 (22... Rfc8 $11) 23. Ne1 Rfa8 24. Nc2 Qg5 25. b3 (25. Rdg1 $14) 25... Be8 $11 26. Kb2 Bg6 27. Qe3 Bxe4 28. Qxe4 Qh4 29. Rd2 Qd8 30. h4 Qb6 (30... b5 $11) 31. Rf1 Rc8 (31... Qd8 $14) 32. Rf3 (32. h5 $16) 32... Qg1 33. g5 b5 34. Rxf4 $4 {[%mdl 8192]} (34. Re3 $11 {and White has nothing to worry.}) 34... Rxc3 $1 $19 35. Rf8+ Bxf8 $2 (35... Kxf8 $19 36. Kxc3 Rf7) 36. Kxc3 $17 Qb1 $40 {[%mdl 128] Strongly threatening ...Rc7+. Black has some attack.} 37. Rf2 {Black must now prevent Qf5.} Rc7+ 38. Kd2 Qxb3 39. g6 $2 {[%mdl 8192] [#]} (39. Ke1 $11) 39... Bh6+ {Accuracy: White = 38%, Black = 36%.} 0-1

[Event "IIFL Wealth 4th Mumbai GM"]
[Site "Mumbai"]
[Date "2019.01.06"]
[Round "8"]
[White "Ankit, R. Rajpara"]
[Black "Sardana, Rishi"]
[Result "0-1"]
[WhiteElo "2465"]
[BlackElo "2398"]
[Annotator "TA"]
[PlyCount "152"]
[EventDate "2018.12.30"]
[EventType "swiss"]
[EventCountry "IND"]
[SourceTitle "playchess.com"]
[Source "ChessBase"]
[SourceQuality "1"]

{[%evp 19,152,26,29,25,32,28,36,8,33,25,33,9,23,13,27,11,18,0,0,0,7,0,0,0,0,0,0,0,4,0,7,-6,0,0,0,0,0,0,0,-98,-98,-259,-256,-471,-462,-462,-450,-413,-436,-515,-535,-614,-223,-247,-245,-256,-236,-258,-258,-268,-253,-278,-236,-236,-228,-228,-228,-228,-229,-278,-241,-265,-252,-256,-240,-281,-228,-240,-240,-240,-228,-240,-240,-240,-240,-240,-240,-241,-241,-241,-241,-241,-241,-271,-284,-283,-247,-247,-247,-283,-264,-262,-241,-247,-247,-269,-264,-262,-241,-241,-243,-236,-236,-236,-236,-236,-236,-350,-353,-329,-250,-29976,-29977,-29977,-29978,-29978,-29979,-29980,-29981,-29981,-29982,-29982,-29983,-29982,-29984]} 1. d4 Nf6 2. c4 e6 3. Nf3 d5 4. Nc3 a6 5. cxd5 exd5 6. Bg5 {D37: Queen's Gambit Declined: 5 Bf4} Be6 7. e3 Nbd7 8. Bd3 Bd6 (8... h6 9. Bf4 g5 10. Bg3 Nh5 11. Be5 Nhf6 12. Bg3 Nh5 13. Qb3 Nxg3 14. hxg3 {½-½ (48) Karjakin,S (2773)-Caruana,F (2822) Saint Louis 2018}) 9. O-O c6 10. Bf4 Qc7 {LiveBook: 18 Games} 11. Bxd6 Qxd6 12. Qc2 O-O 13. Na4 {[#]} a5 $146 ({Predecessor:} 13... Rfe8) 14. a3 Bg4 15. Nd2 b6 16. Rac1 Rfc8 17. Nc3 Nf8 18. Bf5 Bxf5 19. Qxf5 g6 20. Qd3 N8d7 21. e4 dxe4 22. Ndxe4 Nxe4 23. Nxe4 Qe6 24. Rfe1 Nf6 25. Ng5 Qd7 26. Nf3 Qd5 27. Re5 Qd6 28. Qb3 a4 29. Qxb6 (29. Qc2 $11 {remains equal.}) 29... Nd7 $1 $17 {[%csl LRb6,LRe5][%mdl 64] Double Attack} 30. Qb7 $2 (30. Qb4 $17 {was the only chance.} Qxb4 31. axb4 Nxe5 32. Nxe5) 30... Rcb8 $19 ({Less strong is} 30... Nxe5 31. Nxe5 Qe6 32. h3 $15) 31. Rxc6 $2 (31. Qxc6 {is the only way for White.} Qxc6 32. Rxc6 Nxe5 33. Nxe5) 31... Rxb7 32. Rxd6 Nxe5 33. Nxe5 Rxb2 {[%cal Rb2b1][%mdl 4096] Endgame KRR-KRN} 34. h4 Rb3 35. Rd7 Rf8 $2 (35... Rxa3 36. Nxf7 Ra1+ 37. Kh2 a3 38. Nh6+ Kf8 39. Rf7+ Ke8 40. Rxh7 Ra4 41. Rh8+ Kd7 42. Rh7+ Ke6 43. d5+ Kxd5) 36. d5 Rxa3 37. d6 Ra1+ 38. Kh2 a3 39. Ra7 a2 40. Nc6 Rd1 41. Rxa2 Rxd6 42. Ne5 Re8 43. Nf3 h6 44. Kg3 Kg7 45. Nh2 Re4 46. Ng4 Rd7 47. Ne3 Re5 48. Rb2 Rd4 49. Kh3 Ra4 50. g3 Rea5 51. Kg2 h5 52. Rc2 Ra2 53. Rc4 R5a4 54. Rc1 Rd4 55. Rf1 Rd3 {Strongly threatening ...Rxe3.} 56. Re1 Rdd2 57. Rf1 Kf6 58. Nc4 Re2 59. Kf3 Ke6 60. Ne3 Ke5 61. Ng2 Red2 62. Nf4 Kf5 63. Ng2 Rd3+ 64. Ne3+ Ke5 65. Rb1 Kd4 66. Rc1 Rdd2 {[%csl Ga2][%cal Rd2f2]} 67. Rf1 Ra6 68. Kg2 (68. Ng2 $142) 68... Rf6 {Hoping for ...Rfxf2+!} 69. Kg1 Ke4 70. Kg2 $2 {[#]} (70. Ng2 $19) 70... Rfxf2+ $1 {[%mdl 576] Remove Defender. Black mates.} 71. Rxf2 Kxe3 72. Rxd2 Kxd2 {K3P-KPP} 73. Kf2 f5 74. Kf3 Ke1 $1 {[%cal Re1f1]} 75. Ke3 {[#]} Kf1 $1 {[%cal Rf1g2]} 76. Kf3 {[#]} Kg1 $1 {Accuracy: White = 36%, Black = 75%.} 0-1

[Event "IIFL Wealth 4th Mumbai GM"]
[Site "Mumbai"]
[Date "2019.01.06"]
[Round "8"]
[White "Sundararajan, Kidambi"]
[Black "Mohite, Ranveer"]
[Result "1-0"]
[WhiteElo "2458"]
[BlackElo "2236"]
[Annotator "TA"]
[PlyCount "75"]
[EventDate "2018.12.30"]
[EventType "swiss"]
[EventCountry "IND"]
[SourceTitle "playchess.com"]
[Source "ChessBase"]
[SourceQuality "1"]

{[%evp 19,75,22,34,27,45,45,45,43,44,11,18,0,0,0,35,22,46,41,45,41,36,48,37,47,104,97,100,113,111,73,163,163,165,159,219,208,233,220,278,238,295,283,362,359,341,353,388,452,606,602,602,600,587,560,651,648,1122,1122]} 1. d4 Nf6 2. c4 g6 3. Nf3 Bg7 4. e3 d5 5. cxd5 Nxd5 6. e4 {D70: Grünfeld: Unusual White 3rd moves (met by ...d5)} Nb6 7. Be2 O-O 8. O-O Bg4 (8... c5 9. d5 e6 10. Nc3 exd5 11. exd5 Bxc3 12. bxc3 Qxd5 {½-½ (87) Grischuk,A (2772)-Mamedyarov,S (2799) Riadh 2017}) 9. Nbd2 c5 10. dxc5 N6d7 {LiveBook: 4 Games} 11. h3 $146 Bxf3 12. Nxf3 Nxc5 13. Qc2 Ne6 14. Be3 (14. Rd1 $5 {[%cal Rd1d8]} Qc8 15. Qb3 $14) 14... Nc6 15. Bc4 Ned4 16. Nxd4 Nxd4 17. Qd2 Rc8 18. Rac1 $36 {[%mdl 2048] White is pushing.} e6 19. Rfd1 {[%cal Re3d4]} Nc6 20. Bb5 Qxd2 21. Rxd2 Rfd8 (21... Nb4 $14 22. Rxc8 Rxc8) 22. Rxd8+ $16 Rxd8 23. Bxc6 bxc6 {[%mdl 4096] Endgame KRB-KRB} 24. b3 ({But not} 24. Rxc6 Bxb2 25. Kf1 (25. Bxa7 Be5 $11) 25... Bd4 $14) 24... Bb2 (24... Bd4 $16) 25. Rxc6 $18 a5 26. Kf1 Ra8 (26... Ba3 $16 {keeps fighting.} 27. Ke2 Kf8) 27. Rc4 f5 28. Ke2 h5 29. Bd2 Bf6 30. Ra4 Bd8 31. b4 {[%cal Bb3b4,Bb4a5,Ba5a6,Ba6a7][%mdl 32]} fxe4 32. bxa5 Kf7 33. a6 Ke8 {White is clearly winning.} 34. Be3 Kd7 35. a7 Bc7 36. Rxe4 e5 37. Rc4 Rc8 {[#]} 38. Bb6 $1 {[%mdl 512] Accuracy: White = 82%, Black = 32%.} 1-0

[Event "IIFL Wealth 4th Mumbai GM"]
[Site "Mumbai"]
[Date "2019.01.06"]
[Round "8"]
[White "Nguyen, Van Huy"]
[Black "Chanda, Sandipan"]
[Result "1/2-1/2"]
[WhiteElo "2438"]
[BlackElo "2555"]
[Annotator "TA"]
[PlyCount "174"]
[EventDate "2018.12.30"]
[EventType "swiss"]
[EventCountry "IND"]
[SourceTitle "playchess.com"]
[Source "ChessBase"]
[SourceQuality "1"]

{[%evp 18,174,38,38,33,20,39,31,41,32,19,19,50,41,43,21,41,20,64,44,45,44,112,64,59,46,38,27,29,0,0,0,0,0,0,0,0,0,0,0,0,-27,-14,-20,-18,-25,-11,-9,-15,-47,-37,-56,0,0,0,0,0,0,0,0,0,0,0,0,0,0,0,0,0,0,0,0,81,70,171,8,8,8,7,8,1122,1048,600,0,0,0,0,0,0,0,0,0,0,0,0,0,0,0,7,8,254,254,254,254,254,254,254,254,254,254,254,254,254,254,254,254,254,254,254,254,254,254,254,254,254,254,254,254,254,254,254,0,254,254,254,0,254,254,254,254,254,254,254,254,254,254,254,254,254,9,254,0,1589,254,254,0,254,254,254]} 1. d4 f5 2. Nf3 Nf6 3. g3 g6 4. Bg2 Bg7 5. O-O O-O 6. b3 e6 {A81: Dutch Defence: 2 g3} (6... b6 7. Ne5 d5 8. c4 e6 9. Nc3 Bb7 10. Bg5 c6 11. Rc1 Qe8 12. Qd2 Nbd7 13. Nxd7 Qxd7 14. Rfd1 {0-1 (36) Hera,I (2620)-Lagarde,M (2604) Brest 2018}) 7. Bb2 d5 8. c4 c6 9. Nbd2 Nbd7 10. Qc2 {LiveBook: 3 Games} Re8 11. Rac1 Ne4 12. Rfd1 a5 $146 ({Predecessor:} 12... Bh6 13. e3 Qe7 14. Ne1 Ndf6 15. Ndf3 Ng4 16. Nd3 Rf8 17. Nfe5 Nexf2 18. Nxf2 Bxe3 19. Nexg4 fxg4 {1-0 (42) Valiente,C-Trisa Ard,N (2285) Luzern 1982}) 13. a4 b6 14. Ne5 Nxe5 15. dxe5 Nxd2 16. Rxd2 Ba6 17. e3 Qe7 18. cxd5 cxd5 19. Qd1 b5 (19... Rac8 $14) 20. Rc6 Bb7 21. Rb6 bxa4 22. bxa4 Ra6 $1 {[%cal Ra6b6]} 23. Rxa6 (23. Rb3 {with more complications.} Bc6 24. Bf1 Raa8 25. Bb5 Qd7 26. Bd4) 23... Bxa6 24. Bf1 Bxf1 25. Kxf1 Qb4 26. Qc2 Qb7 27. Bd4 Rc8 28. Qb2 Qc7 29. Kg2 Bf8 30. Qb5 Bb4 31. Rb2 g5 32. h3 h5 33. g4 fxg4 34. hxg4 Qh7 ({Better is} 34... hxg4 $15 35. Qe2 Qh7 36. Qxg4 Kf7 37. Qf3+ Ke7) 35. Qa6 $11 Re8 36. Qc6 Kf7 37. Bc5 Bxc5 38. Qxc5 {[%mdl 4096] Endgame aiming for Rb7+. KQR-KQR} Kg8 39. Qc2 Qf7 40. Qe2 $36 {[%mdl 2048] White has some pressure.} Rf8 41. gxh5 {And now Qg4 would win.} Qf5 42. f3 g4 43. fxg4 Qe4+ 44. Kg3 Qxe5+ (44... Qh1 $1 $11) 45. Kh4 $16 Qe4 (45... Rc8 $1 $14) 46. Qc2 $2 (46. Qd2 $18) 46... Qxe3 $11 47. Qe2 Qxe2 $1 48. Rxe2 {KR-KR} Kf7 $2 {[%mdl 8192]} (48... d4 $11) 49. g5 $18 d4 {[%cal Bd5d4,Bd4d3,Bd3d2][%mdl 32]} 50. g6+ $2 ({Only move:} 50. h6 $1 $18) 50... Kg7 $1 $11 51. Rxe6 Rd8 $1 52. Re7+ Kh8 $1 53. h6 {Intending h7 and mate.} d3 54. Re1 d2 55. Rd1 Kg8 56. Kg5 Rd5+ 57. Kf6 {White threatens h7+ and mate.} Rd6+ $1 58. Kf5 Rd5+ $2 (58... Kh8 $11) 59. Ke6 $1 $18 {[%cal Re6d5]} Rd3 {[#]} 60. Ke7 $1 Rg3 61. Rxd2 {[%cal Rd2d8]} Rxg6 62. Rd5 Rg4 63. Rxa5 Kh7 64. Ra6 Re4+ 65. Kd7 Rf4 66. Ke6 Rc4 67. a5 Rc5 68. Ra8 Rb5 69. Kd7 Rf5 70. Kd6 Rb5 71. Kc7 Rf5 72. Kd7 Rg5 73. Ra6 Rf5 74. Ke6 $2 (74. Ke7 $18) 74... Rb5 $2 {[%mdl 8192]} (74... Rc5 $1 $11 75. Kd6 Rg5) 75. Kd6 Rf5 {intending ...Rf6+.} 76. Ra8 $2 (76. Ra7+ $18 Kxh6 77. a6 Rf6+ 78. Kc7) 76... Rg5 $2 {[%mdl 8192]} (76... Rb5 $1 $11 {and Black has nothing to worry.} 77. a6 Rb6+ 78. Kd5 Rg6) 77. a6 Rg6+ 78. Kd7 Rf6 79. Ke7 Rc6 80. Kf7 Rd6 81. Ra7 Kxh6 82. Ke7 Rg6 {...Rg7+ is the strong threat.} 83. Kf8 $2 ({White should play} 83. Ra8 $18 Kg7 84. Ra7) 83... Rc6 $2 {[#]} (83... Re6 $1 $11 {and Black is okay.} 84. Kf7 Rb6) 84. Kg8 $2 ({White has to play} 84. Ra8 $1 $18) 84... Rc8+ $2 {[%mdl 8192]} (84... Rg6+ $11 85. Kf8 Rf6+ 86. Ke8 Kg6) 85. Kf7 Rc6 86. Ke7 Rg6 $1 {[%cal Rg6g7] Threatens to win with ...Rg7+.} 87. Ra8 {Black must now prevent a7.} Kh7 {[%mdl 32768] Precision: White = 62%, Black = 63%. . An unexpected result.} 1/2-1/2

[Event "IIFL Wealth 4th Mumbai GM"]
[Site "Mumbai"]
[Date "2019.01.06"]
[Round "8"]
[White "Mohammad Nubairshah Shaikh"]
[Black "Samant Aditya S"]
[Result "1-0"]
[WhiteElo "2437"]
[BlackElo "2205"]
[Annotator "TA"]
[PlyCount "113"]
[EventDate "2018.12.30"]
[EventType "swiss"]
[EventCountry "IND"]
[SourceTitle "playchess.com"]
[Source "ChessBase"]
[SourceQuality "1"]

{[%evp 17,113,11,20,22,41,34,39,43,50,49,41,53,71,66,87,78,125,90,122,123,140,124,132,132,184,184,210,196,284,173,237,202,288,284,309,279,300,292,283,279,302,288,310,302,384,386,413,396,408,406,433,396,451,405,436,436,436,429,429,388,384,351,490,458,554,577,589,585,639,597,767,711,701,675,668,645,706,672,716,704,838,804,1498,1465,1370,1370,1258,1188,29966,29969,29969,29970,29972,29974,29977,29978,29976,29978]} 1. d4 Nf6 2. c4 e6 3. Nc3 Bb4 4. Qc2 d5 5. cxd5 Qxd5 6. Nf3 Qf5 7. Qb3 Nc6 {E34: Nimzo-Indian: Classical: 4...d5} 8. Bd2 a5 9. a3 a4 {LiveBook: 4 Games. The position is equal.} 10. Qd1 Bxc3 11. Bxc3 Ne4 $146 ({Predecessor:} 11... O-O 12. e3 b6 13. Bd3 Qd5 14. Qe2 Ne4 15. O-O Nxc3 16. bxc3 {1-0 (42) Vallejo Pons,F (2712)-Ponomariov,R (2717) Bilbao 2014}) 12. e3 Nxc3 13. bxc3 {[%cal Bb2c3,Bc3d4][%mdl 32]} O-O 14. Bd3 Qf6 15. O-O e5 16. Qc2 h6 17. Be4 exd4 18. cxd4 Qd6 19. Bxc6 bxc6 20. Rfc1 Ra6 (20... Bd7 $16 21. Ne5 Rfb8 22. Nxd7 Qxd7 23. Qxc6 Qxc6 24. Rxc6 Ra7) 21. Ne5 $18 Bb7 22. Rab1 Ba8 (22... Bc8 $142 23. Qd3 (23. Nxc6 Qxa3 24. Qc4 Qd6 $14) 23... Qe6) 23. Rb4 Qd5 (23... c5 $142 24. Qxc5 f6) 24. Qc4 (24. Rxa4 $6 Rxa4 25. Qxa4 c5 $16) 24... Rb6 (24... Qe4 $142) 25. Qxd5 (25. Rxa4 $6 Rfb8 $18) 25... cxd5 26. Rxb6 ({But not} 26. Rxc7 $6 Rxb4 27. axb4 a3 $18) ({Don't take} 26. Rxa4 $6 Rfb8 $16) 26... cxb6 {[%mdl 4096] Endgame KRB-KRN} 27. Nd7 Rd8 28. Nxb6 Bb7 29. h4 ({Don't play} 29. Nxa4 $6 Ra8 $18) 29... g6 30. Nxa4 Ba6 31. Rc5 Rd6 32. Nc3 Bb7 33. a4 Kg7 34. Rb5 Ba8 35. Kf1 g5 36. hxg5 hxg5 37. Ke2 Kf6 38. Kd3 Ke7 39. Rb8 Ra6 40. Kc2 Kd7 41. Kb3 Bc6 42. Kb4 f6 43. a5 Ra7 44. Nb5 Ra6 45. Rh8 Bb7 46. Rg8 Re6 47. Nc3 Kc7 48. Na4 Bc6 49. Rg7+ Kd6 50. a6 Re8 51. Nb6 Rb8 52. Ka5 Rh8 53. g4 {White mates.} Re8 54. Rf7 Ke6 55. Rc7 Kd6 {[#]} 56. Rxc6+ $1 {[%mdl 64] Promotion} Kxc6 57. a7 {Accuracy: White = 72%, Black = 34%.} 1-0

[Event "IIFL Wealth 4th Mumbai GM"]
[Site "Mumbai"]
[Date "2019.01.06"]
[Round "8"]
[White "Laxman, R.R."]
[Black "Mosadeghpour, Masoud"]
[Result "1-0"]
[WhiteElo "2436"]
[BlackElo "2520"]
[Annotator "TA"]
[PlyCount "47"]
[EventDate "2018.12.30"]
[EventType "swiss"]
[EventCountry "IND"]
[SourceTitle "playchess.com"]
[Source "ChessBase"]
[SourceQuality "1"]

{[%evp 28,47,0,0,18,0,0,0,0,0,0,0,77,84,66,48,63,39,111,89,148,143]} 1. d4 Nf6 2. c4 e6 3. Nf3 d5 4. g3 Bb4+ 5. Bd2 Be7 6. Bg2 O-O 7. Qc2 Nbd7 8. O-O c6 9. Bf4 b6 10. Rd1 Ba6 {E08: Closed Catalan: Main Line: 7 Qc2} 11. Ne5 Rc8 12. Nc3 {[%cal Bb1c3,Bc3e2,Be2g3][%mdl 32]} Bxc4 13. Nxc4 dxc4 14. e4 b5 15. a4 {[#] LiveBook: 14 Games} b4 $146 ({Predecessor:} 15... a6 16. d5 cxd5 17. exd5 e5 18. Bg5 {½-½ (44) So,W (2773)-Karjakin,S (2769) Wijk aan Zee 2016}) 16. Ne2 c5 17. d5 {[#] Threatens to win with dxe6.} e5 18. d6 {And now Be3 would win.} exf4 19. gxf4 Re8 (19... g6 $11) 20. dxe7 $16 Qxe7 {[%cal Rf6e4]} 21. Ng3 $1 {[%cal Rg3f5] Black must now prevent Nf5.} g6 22. Qxc4 Nb6 (22... Nf8 $14) 23. Qb5 Rb8 {[#]} ({Better is} 23... Rc7) 24. Qa6 $1 1-0

[Event "IIFL Wealth 4th Mumbai GM"]
[Site "Mumbai"]
[Date "2019.01.06"]
[Round "8"]
[White "Czebe, Attila"]
[Black "Trisha Kanyamarala"]
[Result "1-0"]
[WhiteElo "2417"]
[BlackElo "1942"]
[Annotator "TA"]
[PlyCount "99"]
[EventDate "2018.12.30"]
[EventType "swiss"]
[EventCountry "IND"]
[SourceTitle "playchess.com"]
[Source "ChessBase"]
[SourceQuality "1"]

{[%evp 10,99,5,-11,25,35,59,34,54,34,22,25,37,29,34,11,19,25,23,27,51,0,0,0,-4,0,0,0,27,12,43,42,129,123,103,68,79,31,41,37,28,37,74,84,79,56,56,48,79,82,114,135,132,45,39,32,158,150,143,135,136,79,82,63,73,65,186,180,173,163,625,614,735,735,760,766,747,740,1028,1017,29979,29980,29980,29981,29981,29982,29982,29983,29980,29981,12797,12795]} 1. c4 e6 2. Nf3 d5 3. d4 Nf6 4. Bg5 Bb4+ 5. Nbd2 dxc4 6. a3 {LiveBook: 12 Games. D30: Queen's Gambit Declined: Systems without Nc3} (6. e3 b5 7. a4 c6 8. Be2 O-O 9. O-O Nbd7 10. Qc2 a5 11. b3 cxb3 12. Qxc6 Rb8 13. Bxb5 Bb7 {0-1 (40) Mamedyarov,S (2808)-Caruana,F (2816) Paris 2018}) 6... Be7 (6... Bxd2+ $5 7. Bxd2 Qd5 $11) 7. Nxc4 b6 $146 ({Predecessor:} 7... O-O 8. e3 Nbd7 9. Rc1 c5 10. Be2 b6 11. O-O Bb7 12. Bf4 cxd4 13. Nxd4 Rc8 {1-0 (50) Hebden,M (2520)-Braga,F (2435) Benidorm 1993}) 8. Qa4+ {White is slightly better.} c6 {Threatens to win with ...b5.} 9. Qc2 Bb7 10. e4 b5 11. Ncd2 h6 12. Bh4 g5 $1 {[%cal Rg5h4]} 13. Bg3 g4 14. Ne5 $1 Qxd4 15. O-O-O ({White should try} 15. Rd1 $14) 15... Qc5 16. Qxc5 Bxc5 17. Be2 {[%cal Bf1e2,Be2f3,Bf3e4][%mdl 32]} h5 18. h3 {[%cal Rh3g4]} gxh3 19. Rxh3 a6 20. Nb3 Be7 ({Black should play} 20... Bb6 $14) 21. Na5 $16 Ra7 22. Bf3 c5 23. Nxb7 Rxb7 24. Nxf7 Kxf7 25. e5 $1 $36 {[%csl LRb7,LRf6][%mdl 2112] Discovered Attack. White has good play.} Ne4 ({Reject} 25... Nd5 $6 26. Rxd5 Rd7 27. Rxh5 $16) 26. Bxe4 Rd7 27. Rdh1 Rd4 28. f3 Rg8 29. Be1 Bg5+ 30. Kc2 Bf4 31. Rxh5 (31. Bc3 $16) 31... Rxg2+ $14 32. Kb3 {aiming for Bc3.} Rg7 ({But not} 32... Nd7 $6 33. Rh7+ Kg8 34. Bc3 $18) ({Better is} 32... Rd1 $1 $14) 33. Bc3 $1 $16 {[%cal Rc3d4]} Rd8 34. Rh7 Rdg8 {[#]} 35. Rxg7+ (35. R7h4 $142 $1 {[%cal Rh4f4]} Bg5 36. R4h3) 35... Rxg7 36. Rd1 Ke7 37. Rd6 $1 Rg5 (37... Rg2 $14) 38. Rb6 $18 Nd7 {[#]} 39. Rb7 $1 ({Much less strong is} 39. Rxa6 $6 Bxe5 40. Bxe5 Rxe5 $14) 39... Ke8 $2 (39... c4+ 40. Ka2 Bxe5) 40. Bc6 c4+ 41. Kb4 Rg7 42. Rb8+ Ke7 43. Bxd7 $1 Be3 {[#]} 44. Bxb5 $1 axb5 {[%mdl 4096] Endgame KRB-KRB} 45. Rb7+ Kf8 46. Rxg7 Kxg7 47. Kxb5 Kg6 48. Kxc4 Kf5 49. Kd3 Bf4 50. a4 {Accuracy: White = 65%, Black = 38%.} 1-0

[Event "IIFL Wealth 4th Mumbai GM"]
[Site "Mumbai"]
[Date "2019.01.06"]
[Round "8"]
[White "Muthaiah AL"]
[Black "Visakh N R"]
[Result "1/2-1/2"]
[WhiteElo "2408"]
[BlackElo "2491"]
[Annotator "TA"]
[PlyCount "81"]
[EventDate "2018.12.30"]
[EventType "swiss"]
[EventCountry "IND"]
[SourceTitle "playchess.com"]
[Source "ChessBase"]
[SourceQuality "1"]

{[%evp 19,81,33,43,12,16,18,17,0,6,10,17,-10,-16,-18,11,8,0,-6,-6,-5,-4,-7,0,0,0,0,0,0,0,0,15,15,16,16,16,16,16,16,16,6,6,8,8,8,16,0,15,0,0,0,0,0,0,0,0,0,0,0,0,0,0,0,0,0]} 1. d4 Nf6 2. c4 e6 3. Nc3 Bb4 4. e3 b6 5. Bd2 Bb7 6. Nf3 O-O 7. Bd3 Bxc3 8. Bxc3 Ne4 9. Bxe4 {E21: Nimzo-Indian: 4 Nf3} (9. Rc1 f5 10. O-O d6 11. Be1 Nd7 12. Nd2 Qe7 13. f3 Nxd2 14. Bxd2 e5 15. Qc2 e4 16. fxe4 Bxe4 17. Bxe4 Qxe4 18. Qxe4 fxe4 {½-½ (51) Peralta,F (2582)-Guerra Mendez,J (2534) Barcelona 2018}) 9... Bxe4 10. d5 f6 {LiveBook: 3 Games} 11. Nd2 {White is slightly better.} Bg6 {The position is equal.} 12. h4 $146 {[%cal Bh2h4,Bh4h5][%mdl 32]} ({Predecessor:} 12. O-O c5 13. e4 e5 14. b4 cxb4 15. Bxb4 d6 16. Qa4 Rf7 {½-½ (32) Hernando Pertierra,J (2385)-Elissalt Cardenas,H (2350) Collado Villalba 2015}) 12... h6 13. h5 Bh7 14. e4 Qe7 15. Qe2 Na6 16. O-O c6 17. dxc6 dxc6 18. Rfd1 e5 19. Nf1 Nc7 20. Ng3 Rfd8 21. Qg4 Qe6 22. Nf5 Bxf5 23. exf5 Qf7 24. Qe4 c5 25. g4 Rd7 26. Rd3 Rad8 27. Rad1 Ne8 28. b3 Kf8 29. f3 Rxd3 30. Rxd3 Rxd3 31. Qxd3 Qb7 32. Kf2 Ke7 33. Ke3 Nd6 34. a4 a6 35. Bb2 Qc6 36. Ba3 Nb7 37. Bc1 Nd8 38. Ba3 Nf7 39. Qe4 Kd7 40. Qxc6+ Kxc6 41. b4 {Accuracy: White = 61%, Black = 71%.} 1/2-1/2

[Event "IIFL Wealth 4th Mumbai GM"]
[Site "Mumbai"]
[Date "2019.01.06"]
[Round "8"]
[White "Rajesh, V A V"]
[Black "Saptarshi, Roy"]
[Result "1-0"]
[WhiteElo "2402"]
[BlackElo "2494"]
[Annotator "TA"]
[PlyCount "113"]
[EventDate "2018.12.30"]
[EventType "swiss"]
[EventCountry "IND"]
[SourceTitle "playchess.com"]
[Source "ChessBase"]
[SourceQuality "1"]

{[%evp 18,113,33,26,58,21,32,5,7,0,10,0,0,0,4,13,140,128,138,144,139,114,156,153,165,147,160,144,163,155,192,176,172,163,218,216,220,227,220,201,214,155,491,370,487,353,314,270,263,267,295,228,230,229,229,237,246,234,231,232,260,225,207,202,195,202,226,225,224,224,224,224,244,227,227,223,264,266,270,213,280,280,352,353,352,352,351,347,322,306,779,739,935,879,1558,1520,1278,1164]} 1. d4 d5 2. c4 e6 3. Nf3 c6 4. e3 Nf6 5. Bd3 Nbd7 6. b3 {D30: Queen's Gambit Declined: Systems without Nc3} Bb4+ 7. Nbd2 O-O 8. O-O b6 9. Bb2 Bb7 10. Qe2 {LiveBook: 6 Games} c5 11. Rfd1 $146 ({Predecessor:} 11. cxd5 exd5 12. a3 Ba5 13. Rfd1 Qe7 14. Ne5 Nxe5 15. dxe5 {1-0 (48) Normantas,V (2620)-Van Perlo,G (2440) Argentina 1994}) 11... cxd4 12. exd4 Nh5 13. Qe3 g6 14. a3 Bd6 15. g3 Ng7 16. b4 f5 (16... dxc4 $11 {remains equal.} 17. Nxc4 Be7) 17. c5 $16 Be7 18. Rac1 $36 {[%mdl 2048] White has strong initiative.} Rc8 19. Bb5 {[#] Hoping for c6.} Nb8 20. Ne5 a6 21. Bf1 f4 22. Qe1 Bg5 23. Rc2 Nd7 24. Ndf3 Nxe5 25. Nxe5 Bf6 (25... Bc6 $142) 26. Rdc1 $18 (26. gxf4 $6 Bxe5 27. Qxe5 (27. fxe5 bxc5 28. Rxc5 Qg5+ 29. Bg2 Rxc5 $14) 27... Qh4 $14) 26... Bxe5 27. Qxe5 {aiming for c6.} (27. dxe5 bxc5 28. Rxc5 (28. bxc5 Bc6 $11) 28... Rxc5 $14) 27... Rf5 28. Qe1 {[#] Threatens to win with c6.} Rc7 29. Bh3 (29. cxb6 $6 Rxc2 30. Rxc2 fxg3 $16) 29... Rh5 $2 (29... Rff7 $16 30. c6 (30. cxb6 Rxc2 31. Rxc2 Qxb6 $16) (30. Bxe6 Nxe6 31. Qxe6 f3 $16) 30... Bc8) 30. Bxe6+ Kh8 31. Bg4 Rg5 32. Bh3 b5 33. Re2 Bc6 34. Re5 Rxe5 35. Qxe5 fxg3 36. hxg3 Re7 37. Qd6 Qe8 38. Bc3 Re2 39. Qf6 Kg8 40. Bg4 Re4 41. Bf3 Re7 {...Rf7 is the strong threat.} 42. Qd6 Qd7 43. Qxd7 Rxd7 44. Re1 h5 45. Re5 Kf7 46. Kg2 Kf6 47. Bd2 Kf7 48. Kh3 Ne6 49. Be3 Nc7 50. g4 hxg4+ 51. Bxg4 ({Don't take} 51. Kxg4 Re7 $18) 51... Re7 52. Rxe7+ Kxe7 53. Bg5+ Ke8 $2 (53... Kf7 54. Bc8 Ne6) 54. Bf4 {White is clearly winning.} Na8 55. Kh4 Ke7 56. Kg5 Be8 57. Bc8 {Accuracy: White = 66%, Black = 38%.} 1-0